Παγκοσμιοποίηση και Ευρωπαϊκή Ένωση : εισαγωγή στην κριτική της παγκοσμιοποίησης και του νεοφιλελευθερισμού
Αποθηκεύτηκε σε:
| Κύριος συγγραφέας: | |
|---|---|
| Μορφή: | Βιβλίο |
| Γλώσσα: | Greek |
| Δημοσίευση: |
Αθήνα :
Ελληνικά Γράμματα,
1999.
|
| Θέματα: | |
| Ετικέτες: |
Προσθήκη ετικέτας
Δεν υπάρχουν, Καταχωρήστε ετικέτα πρώτοι!
|
MARC
| LEADER | 00000cam a2200000 a 4500 | ||
|---|---|---|---|
| 001 | 1/114302 | ||
| 008 | 170608s1999####gr | ||| |||| ||gre|| | ||
| 020 | |a 9603448435 | ||
| 040 | |a GR-MyUa |b gre |c GR-MyUa |e AACR2 | ||
| 041 | 0 | |a gre | |
| 082 | 7 | |a 327.1 |2 (23) | |
| 100 | 1 | |a Τομπάζος, Σταύρος, |d 1960- | |
| 245 | 1 | 0 | |a Παγκοσμιοποίηση και Ευρωπαϊκή Ένωση : |b εισαγωγή στην κριτική της παγκοσμιοποίησης και του νεοφιλελευθερισμού / |c Σταύρος Τομπάζος. |
| 260 | |a Αθήνα : |b Ελληνικά Γράμματα, |c 1999. | ||
| 300 | |a 142 σ. ; |c 24 εκ. | ||
| 504 | |a Βιβλιογραφία: σ. [137] -142. | ||
| 650 | 0 | |a Globalization |x Political aspects. | |
| 650 | 0 | |a International relations. | |
| 852 | |a INST |b LESVOS |e 20170608 |h 327.1 ΤΟΜ |p 005100059589 |q 005100059589 |t BK |y 0 | ||
| 970 | |a Τζαφέρη |b Ευαγγελία |z 08-06-2017 | ||